Responses for Show #2056 - Monday, July 12, 1993

1993 Seniors Tournament quarterfinal game 1.
The Merv Griffin Enterprises logo appears on the game board after the credits.

Contestants

[<< previous game]

Noel Higgins, an editor and writer from Durham, Connecticut

Lee Gelber, a toy and game marketer from New York City, New York

Sandi Engquist, a college bookstore clerk from Minneapolis, Minnesota

[next game >>]

Jeopardy! Round responses

U.S. STATES
RADIO COMEDY
(Alex: Remember that?)
HERBS & SPICES
NOTABLE NAMES
RELIGION
"BIG"
    $100 1
New York

Lee
    $100 24
Jack Benny

Sandi
    $100 6
India

Noël
    $100 9
Prince Charles

Sandi
    $100 14
fasting

Noël
    $100 16
Bigfoot

Noël
    $200 2
New Jersey

Lee
    $200 25
Fanny Brice

Sandi
    $200 7
dill

Sandi
    $200 10
Alexander the Great

Noël
    $200 15
Mohammed

Sandi
    $200 17
the Big Board

Sandi
    $300 3
Washington

Noël
    $300 26
The Life of Riley

Noël
    $300 8
cloves

Lee
    $300 11
Abraham Lincoln

Sandi
    $300 21
(Sandi: What is Hinduism?)

Buddhism

SandiLee
    $300 18
the big house

Lee
    $400 4
(Lee: What is Texas?)

New Mexico

LeeNoël
    $400 29
Amos 'n' Andy

Sandi
    $400 27
yellow

Sandi
    $400 12
Salvador Dali

Sandi
    $400 22
(Noel: What is Thedism?)
(Sandi: What is Hinduism?)

Shinto

SandiNoël
Triple Stumper
    $400 19
(Noel: What is "walk softly and carry a big stick?")

speak softly and carry a big stick

SandiNoël
    $500 5
New Hampshire

Noël
    $2,000 30
Bob (Elliott) and Ray (Goulding)

Sandi
    $500 28
cinnamon

Sandi
    $500 13
J. Paul Getty

Noël
    $500 23
tallit

Lee
    $500 20
a big fish in a small pond

Noël

Scores at the first commercial break (after clue 15):

Sandi Lee Noël
$1,200 $200 $2,100

Scores at the end of the Jeopardy! Round:

Sandi Lee Noël
$4,700 $1,300 $2,200

Double Jeopardy! Round responses

BIOLOGY
THE 20th CENTURY
BALLET
AUTHORS
FAMOUS FIRSTS
"LITTLE"
    $200 26
fin

Lee
    $200 7
Haile Selassie

Lee
    $200 6
Swan Lake

Lee
    $200 1
Ian Fleming

Noël
    $200 13
Empire State Building

Noël
    $200 10
Little Miss Muffet

Lee
    $400 27
(Lee: What are esophaghi?)

trachea

LeeNoël
    $1,500 8
Gov. (George) Wallace

Lee
    $400 19
Cinderella

Noël
    $400 2
F. Scott Fitzgerald

Noël
    $400 15
Watson

Sandi
    $400 14
(Sandi: What is Hot Springs, Arkansas?)

Little Rock

SandiLee
    $600 28
(Sandi: What is the sweat gland?)
(Lee: What are hair follicles?)

sebaceous glands

SandiLee
Triple Stumper
    $600 9
Mother Teresa

Noël
    $600 23
spin (turn)

Noël
    $600 3
T.S. Eliot

Noël
    $600 17
Hawaii

Noël
    $600 16
"The Little Tramp"

Lee
    $800 29
In vitro

Sandi
    $800 11
Jack Dempsey

Lee
    $800 24
Agnes de Mille

Sandi
    $800 4
James Fenimore Cooper

Lee
    $800 18
Virginia Dare

Sandi
    $800 20
Little America

Noël
    $1000 30
(Lee: What is clearing the throat or coughing?)

swallowing

LeeNoël
    $1000 12
(Sandi: Who is Makarios?)

Papandreou

Sandi
Triple Stumper
    $4,300 25
Orpheus

Sandi
    $1000 5
(Horatio) Hornblower

Sandi
    $1000 22
London

Lee
    $1000 21
God's Little Acre

Noël

Scores at the end of the Double Jeopardy! Round:

Sandi Lee Noël
$10,800 $5,200 $9,000

Final Jeopardy! Round responses

PHILANTHROPY
LeeWho is John D. Rockefeller
$5,200
NoëlWho is J.D. Rockefeller
$8,000
SandiWho's Carnegie
$6,700
John D. Rockefeller

Final scores:

Sandi Lee Noël
$4,100 $10,400 $17,000
3rd place: $1,000 if eliminated 2nd place: $1,000 if eliminated Automatic semifinalist

Game dynamics:

Coryat scores:

Sandi Lee Noël
$6,000 $4,100 $9,000
19 R
(including 2 DDs),
5 W
16 R
(including 1 DD),
4 W
22 R,
2 W

Combined Coryat: $19,100

[game clues] [game scores] [suggest correction]

Game tape date: 1993-03-01
The J! Archive is created by fans, for fans. Scraping, republication, monetization, and malicious use prohibited; this site may use cookies and collect identifying information. See terms. The Jeopardy! game show and all elements thereof, including but not limited to copyright and trademark thereto, are the property of Jeopardy Productions, Inc. and are protected under law. This website is not affiliated with, sponsored by, or operated by Jeopardy Productions, Inc. Join the discussion at JBoard.tv.